000 00227nam a22000857a 4500
008 161128b xxu||||| |||| 00| 0 eng d
100 _91511
_aTuli.G.D.etal.
245 _aThe Language of Chemistry
260 _aNew Delhi
_bS. chand
_c2011
999 _c4240
_d4240